|
|
|
|
| LEADER |
00000nab a2200000 ar4500 |
| 001 |
vtls009143867 |
| 003 |
SK-MaSNL |
| 005 |
20260303220732.0 |
| 008 |
070926c2007 xo er|p|||||||000 b|slo |
| 015 |
|
|
|a SNBRB2007/09
|2 snkbucl
|
| 038 |
|
|
|a SNKBUCL
|
| 040 |
|
|
|a SNKBUCL
|b slo
|c SNKBUCL
|e AACR2
|
| 041 |
0 |
|
|a slo
|
| 044 |
|
|
|a xo
|c SK
|
| 080 |
|
|
|a 82.09:821.511.111-1
|x (081)
|x (048)
|2 2001
|
| 080 |
|
|
|a 821.511.111-1
|x (081)
|x (048)
|2 2001
|
| 100 |
1 |
|
|a Čertík, Jozef,
|d 1950-
|4 aut
|9 13287
|
| 245 |
1 |
0 |
|a Anni Sumari: Priezračná červená
|c Jozef Čertík
|
| 650 |
0 |
7 |
|a fínska poézia
|2 snkbucl
|9 140571
|
| 655 |
|
7 |
|a recenzie
|2 snkbucl
|9 21907
|
| 773 |
0 |
|
|t Knižná revue
|g Roč. XVII, č. 19 (2007), s. 8
|x 1210-1982
|
| 787 |
0 |
8 |
|i Rec.:
|a Sumari, Anni
|t Priezračná červená
|d Bratislava : Ars poetica, 2006
|
| 852 |
|
|
|a SNK
|b KIS3GCP
|
| 954 |
|
|
|a odborná, vedecká literatúra pôvodná (slovenská)
|2 lita
|
| 958 |
|
|
|a LX
|
| 958 |
|
|
|a FI
|
| 958 |
|
|
|a RC
|
| 999 |
|
|
|c 2228669
|d 2230599
|